000 00390nam a2200169Ia 4500
001 31128
003 IN-NITTTR
005 20251114233418.0
008 251113s9999||||xx |||||||||||||| ||eng||
040 _beng
040 _cIN-NITTTR
041 _aeng
082 _a005.758 D45D
100 _aDeshpande, Sachin
245 0 _aDistributed databases /
_cDeshpande, Sachin
942 _2ddc
_cBK
999 _c33758
_d33758